Yorksher Puddin' : (Record no. 247430)
[ view plain ]
| 000 -LEADER | |
|---|---|
| fixed length control field | 01742cam a22002533a 4500 |
| 001 - CONTROL NUMBER | |
| control field | 18175 |
| 003 - CONTROL NUMBER IDENTIFIER | |
| control field | PGUSA |
| 005 - DATE AND TIME OF LATEST TRANSACTION | |
| control field | 20140828083403.0 |
| 008 - FIXED-LENGTH DATA ELEMENTS--GENERAL INFORMATION | |
| fixed length control field | 060414s2006||||xxu|||||s|||||000 1 eng d |
| 040 ## - CATALOGING SOURCE | |
| Original cataloging agency | PGUSA |
| Language of cataloging | eng |
| 042 ## - AUTHENTICATION CODE | |
| Authentication code | dc |
| 050 #4 - LIBRARY OF CONGRESS CALL NUMBER | |
| Classification number | PR |
| 100 1# - MAIN ENTRY--PERSONAL NAME | |
| Personal name | Hartley, John, |
| Dates associated with a name | 1839-1915 |
| 245 10 - TITLE STATEMENT | |
| Title | Yorksher Puddin' : |
| Remainder of title | A Collection of the Most Popular Dialect Stories from the Pen of John Hartley |
| Medium | [electronic resource] / |
| Statement of responsibility, etc | John Hartley |
| 260 ## - PUBLICATION, DISTRIBUTION, ETC. (IMPRINT) | |
| Name of publisher, distributor, etc | Project Gutenberg, |
| Date of publication, distribution, etc | 2006 |
| 505 0# - FORMATTED CONTENTS NOTE | |
| Formatted contents note | Frozen to Death -- Pill Jim's Progress Wi' Johns Bunion -- Moravian Knight's Entertainment -- Sperrit Rappin -- Ther's a Mule I' th' Garden -- A Neet at "Widup's Rest" -- Tinklin' Tom -- Th' New Schooil Booard -- Tha Caps me Nah! -- Nay Fer Sewer! -- Th' Battle o' Tawkin -- "Owd Tommy" -- It Mud ha' been War -- Ha a Dead Donkey Towt a Lesson -- One, Two, Three -- Sammy Bewitched -- Hard to Pleeas -- Ratcatchin' -- Owd Moorcock -- Peace Makkin -- Awr Emma-A False Alarm -- Niver Judge by Appearances -- Mi First Testimonial -- Five Paand Nooat -- Silly Billy -- Put up wi' it -- A Queer Dream -- The Mystery of Burt's Babby -- Mak th' best on't -- Mrs Spaiktruth's Pairty -- Why Tommy isn't a Deacon -- One Amang th' Rest -- What's yor Hurry? -- Ha Owd Stooansnatch's Dowter gate Wed -- Th' New Railrooad -- Mose Hart's Twelvth Mess -- Th' Hoil-i'th'-Hill Statty -- Owd Dawdles -- Property Huntin' -- Abraham's Sparrib -- A Run ovver th' Year |
| 506 ## - RESTRICTIONS ON ACCESS NOTE | |
| Terms governing access | Public domain in the USA. |
| 516 ## - TYPE OF COMPUTER FILE OR DATA NOTE | |
| Type of computer file or data note | Electronic text |
| 653 ## - INDEX TERM--UNCONTROLLED | |
| Uncontrolled term | Yorkshire (England) -- Fiction |
| 653 ## - INDEX TERM--UNCONTROLLED | |
| Uncontrolled term | English language -- Dialects -- England -- Yorkshire |
| 830 #0 - SERIES ADDED ENTRY--UNIFORM TITLE | |
| Uniform title | Project Gutenberg |
| Volume number/sequential designation | 18175 |
| 856 40 - ELECTRONIC LOCATION AND ACCESS | |
| Uniform Resource Identifier | <a href="http://www.gutenberg.org/ebooks/18175">http://www.gutenberg.org/ebooks/18175</a> |
| 942 ## - ADDED ENTRY ELEMENTS (KOHA) | |
| Koha item type | eBooks |
| Withdrawn status | Lost status | Damaged status | Home library | Current library | Date acquired | Total Checkouts | Date last seen | Price effective from | Koha item type |
|---|---|---|---|---|---|---|---|---|---|
| Project Gutenberg | Project Gutenberg | 08/28/2014 | 08/28/2014 | 08/28/2014 | eBooks |